El libro de la salsa: crónica de la música del Caribe urbano
Tallennettuna:
| Päätekijä: | |
|---|---|
| Aineistotyyppi: | Kirja |
| Kieli: | espanja |
| Julkaistu: |
Madrid
Turner Publicaciones
2017
|
| Painos: | 1a. ed |
| Sarja: | Colección Noema
|
| Aiheet: | |
| Tagit: |
Lisää tagi
Ei tageja, Lisää ensimmäinen tagi!
|
MARC
| LEADER | 00000cam a2200000 a 4500 | ||
|---|---|---|---|
| 001 | UCC2375 | ||
| 003 | CL-VaPUC | ||
| 008 | 180119e20170600sp |||||||||||||||||spa|d | ||
| 020 | |a 9788416714193 | ||
| 082 | 0 | 4 | |a 780.72 |b RON |2 21 |
| 100 | 0 | |a Rondón, César Miguel |e author |9 596480 | |
| 245 | 1 | 3 | |a El libro de la salsa: crónica de la música del Caribe urbano |
| 250 | |a 1a. ed | ||
| 300 | |a 489 p | ||
| 942 | |c BK | ||
| 945 | |d 20180119 15:30:00 |a arojas | ||
| 260 | |a Madrid |b Turner Publicaciones |c 2017 | ||
| 650 | 7 | |a MUSICA CARIBEÑA |2 CL-VaPUC |9 541032 | |
| 650 | 0 | |a Musicología |9 306520 | |
| 650 | 0 | |a Crítica e interpretación |9 255042 | |
| 583 | |a last modification |c 20180119 15:30:00 |k Rodrigo Vera | ||
| 490 | 0 | |a Colección Noema | |
| 999 | |c 370545 |d 370543 | ||
| 952 | |0 0 |1 0 |2 ddc |3 erb |4 0 |6 780_720000000000000_RON_2017 |7 0 |8 A |9 487076 |a BIBEDU |b BIBEDU |c ES_NOD |i 5449545 |o 780.72 RON 2017 |p 5449545 |r 2023-01-12 |w 2019-11-24 |y BK |z Catalogado en:20180119 |k MUS | ||